Red Crescent countries - Statistics

General Stats
  • This quiz has been taken 40 times
  • The average score is 25 of 34
Answer Stats
Country % Correct
Azerbaijan
94%
Tunisia
94%
Turkey
94%
Algeria
88%
Pakistan
85%
Turkmenistan
85%
Egypt
82%
Iran
82%
Morocco
82%
Sudan
82%
Uzbekistan
82%
Iraq
79%
Kazakhstan
79%
Libya
79%
Tajikistan
79%
Yemen
79%
Afghanistan
76%
Kyrgyzstan
76%
Qatar
76%
Saudi Arabia
76%
Syria
76%
Jordan
74%
Kuwait
74%
Somalia
74%
United Arab Emirates
74%
Malaysia
71%
Bahrain
68%
Bangladesh
65%
Djibouti
65%
Comoros
62%
Brunei
59%
Palestine
50%
Western Sahara
18%
Northern Cyprus
15%
No matching quizzes found
Score Distribution
Percent of People with Each Score
Percentile by Number Answered
Your Score History
You have not taken this quiz